| 000 | 00615nam a2200205Ia 4500 | ||
|---|---|---|---|
| 005 | 20250508154838.0 | ||
| 008 | 008 250505s9999 xx 000 0 eng d | ||
| 037 | _aTextual | ||
| 040 |
_aFEDL _beng _cFEDL |
||
| 041 |
_aeng _2eng |
||
| 084 |
_a001.434, PLU _qFEDL |
||
| 100 | _aPlutchik Robert | ||
| 245 | 0 | _aFoundations of experimental research | |
| 260 |
_aNew York, USA _bHarper and Row Publishers _c1968 |
||
| 300 | _axiii,290p | ||
| 490 | _aHarper's experimental psychology series | ||
| 650 |
_aExperimental Method _9761721 |
||
| 942 |
_cTEXL _h001.434, PLU |
||
| 999 |
_c1352440 _d1352440 |
||